2008: NFL Teams with the Most Points - Statistics

General Stats
  • This quiz has been taken 7 times
  • The average score is 9 of 10
Answer Stats
Number of points NFL Team % Correct
427 Arizona Cardinals
100%
410 New England Patriots
100%
416 Philadelphia Eagles
100%
391 Atlanta Falcons
86%
419 Green Bay Packers
86%
463 New Orleans Saints
86%
427 New York Giants
86%
439 San Diego Chargers
86%
471 Carolina Panthers
71%
405 New York Jets
71%
No matching quizzes found
Score Distribution
Percent of People with Each Score
Percentile by Number Answered
Your Score History
You have not taken this quiz